000 00792cam a22002531 4500
001 26039
003 BD-RjUL
005 20211209050949.0
008 140320s1956 enkaf 001 0 eng
035 _a(BD-RjUL)26109
035 _a(OCoLC)755246
040 _aDLC
_cOKentU
_dOCoLC
_dDLC
_dBD-RjUL
_beng
041 _aeng
082 _a945.08
_bHAM 1956
100 1 _aHales, E. E. Y.
_q(Edward Elton Young),
_d1908-
_980000
245 1 0 _aMazzini and the secret societies :
_bthe making of a myth /
_cE. E. Y. Hales.
260 _aLondon :
_bP.J. Kenedy,
_c1956.
300 _a226 p. :
_billus. ;
_c23 cm.
504 _aIncludes bibliographical references and index.
600 1 0 _aMazzini, Giuseppe,
_d1805-1872.
_972179
942 _2ddc
_cBK
999 _c26039
_d26039